| 000 | 00333nam a2200133Ia 4500 | ||
|---|---|---|---|
| 005 | 20251222155054.0 | ||
| 008 | 251222s9999||||xx |||||||||||||| ||spa|| | ||
| 082 | _aREL.181 | ||
| 100 | _aALTAMIRANO,Juan. | ||
| 245 | 0 | _aDe refugio a Instituto trescientos de historia | |
| 250 | _a1ra. ed. | ||
| 264 | _bMilla Batres | ||
| 942 | _cLIB | ||
| 999 |
_c37388 _d37388 |
||